MARC

LEADER 00000nam0a2200000 4500
001 314027
005 20231102002633.0
035 |a (RuTPU)RU\TPU\book\339437 
090 |a 314027 
100 |a 20160206d1974 k y0rusy50 ca 
101 1 |a rus  |c eng 
102 |a RU 
105 |a a z 001zy 
200 1 |a Анализ кристаллической структуры  |e пер. с англ.  |f Дж. Гласкер, К. Трублад 
210 |a Москва  |c Мир  |d 1974 
215 |a 236 с.  |c ил. 
320 |a Библиогр.: с. 208-222 
320 |a Словарь терминов: с. 223-235 
606 1 |a Монокристаллы  |x Рентгеноструктурный анализ  |2 stltpush  |3 (RuTPU)RU\TPU\subj\44389  |9 63726 
610 1 |a кристаллическая структура 
610 1 |a кристаллы 
610 1 |a дифракция 
610 1 |a структурная информация 
610 1 |a пробные структуры 
610 1 |a уточнения 
675 |a 548.55  |v 4 
700 1 |a Гласкер  |b Дж.  |g Дженни 
701 1 |a Трублад  |b К.  |g Кеннет 
801 1 |a RU  |b 63413507  |c 20160206 
801 2 |a RU  |b 63413507  |c 20200824  |g RCR 
942 |c BK